006670000a22001570004500008004100000082001600041110004600057245017400103260006500277300001800342650001700360650001900377942000700396952009100403999001500494230817t ||||| |||| 00| 0 eng d a305.42bUNI aUnited Nations Development Fund for Women aReport of the expert group meeting on the development of guidelines for the integration of gender perspectives into United Nations human rights activities and programmes aGeneva:b United Nations Development Fund for Women, c1995 a28 p. ; 28 cm aHuman rights aWomen's rights cRP 00104070aMAINbMAINd2023-08-17l0o305.42 UNIpRAF3912r2023-08-17w2023-08-17yRP c3159d3159